000 00458 a2200169 4500
001 068478
003 OSt
005 20220218114025.0
008
082 _a823.91209
_bZ66W
100 1 _aZima, Peter V.
245 1 _aWhat is theory?: cultural theory as discourse and dialogue
_cby Peter V. Zima
260 _aLondon
_bContinuum
_c2007
300 _a283p.
653 _aTheory (Philosophy); Dialogue
942 _2ddc
_cBK
999 _c2140
_d2140